000 01704nam0a2200373 4500
001 RU\NLR\BIBL_A\012512667
005 20210629103917.0
010 _a978-5-400-01442-0
_bотд. кн.
010 _a978-5-400-01439-0
_9300
021 _aRU
_bКН-П-20-084141
_9КН-П-20-6395
035 _a(NLR Aleph) 012512667
035 _a(RuMoRGB)010526991
090 _a12277346
_c12277346
100 _a20210428d2018 u y0rusy50 ca
101 0 _arus
102 _aRU
105 _ac|||z|||000zy
181 0 _ai
_baxxe
182 0 _an
200 1 _aПсихология переднего края
_eзаписки фронтового разведчика
_eвоспоминания о последних днях Великой Отечественной войны
_fГеоргий Бабкин
_gпослесл. Г.Ф. Шафранова-Куцева
203 _aТекст
_bвизуальный
_cнепосредственный
210 _aТюмень
_cИзд-во Тюменского государственного университета
_d2018
215 _a239, [1] с.
_cпортр.
_d21
300 _aВеликой Победе посвящается
606 1 _aВеликая Отечественная война
_jВоспоминания, записки и т.п
_xРазведка (воен.)
_z1941 - 1945
_91227975
_3RU\NLR\AUTH\66182335
686 1 _aЦ35(2)722-232,013
686 2 _aШ6(2=Р)8-440.4Вел.От.в
700 1 _aБабкин
_bГ. С.
_f1924-
_gГеоргий Сергеевич
942 _cBOOK
980 _aNBR
980 _aNB